[Event "TCh-ISR 2019"]
[Site "Israel ISR"]
[Date "2019.02.08"]
[Round "3.4"]
[Board "1"]
[White "Shvidler, Eliahu"]
[Black "Erenberg, Ariel"]
[Result "0-1"]
[WhiteTitle "IM"]
[BlackTitle "IM"]
[WhiteElo "2357"]
[BlackElo "2409"]
[WhiteTeam "ASA Shlomo Har-Tsvi Tel Aviv"]
[BlackTeam "haPoel Kfar Saba Bet"]
[WhiteFideId "2800160"]
[BlackFideId "2811634"]
[EventDate "2019.01.04"]

1. Nf3 Nf6 2. g3 b5 3. Bg2 Bb7 4. O-O e6 5. d3 Be7 6. b3 d5 7. Bb2 O-O 8. e4 c5
9. Nc3 b4 10. Ne2 Nc6 11. exd5 Nxd5 12. Nd2 Bf6 13. Bxf6 Qxf6 14. Ne4 Qe7 15. c4
bxc3 16. Rc1 Rac8 17. N4xc3 Nxc3 18. Rxc3 Ne5 19. f4 Bxg2 20. Kxg2 Qb7+ 21. Kh3
Nf3 22. d4 Nxd4 23. Nxd4 cxd4 24. Qxd4 Rcd8 25. Qe3 Rd5 26. Qf3 Qd7 27. Rf2 Rd8
28. Kg2 h5 29. Re3 g6 30. Rfe2 Rd1 31. Rf2 Qd4 32. Qe4 Qa1 33. Ref3 R8d5 34. Qc2
Rc1 35. Qb2 Rg1+ 36. Kh3 Qe1 37. Qe2 Qa5 38. Rd3 Qb5 39. Re3 Qc5 40. Ref3 Rd2
41. Qe5 Qxe5 42. fxe5 Rxf2 43. Rxf2 Re1 44. Rb2 a5 45. a3 Rxe5 46. b4 Rb5 47.
Kg2 Kf8 48. Kf3 Ke7 49. Ke3 axb4 50. axb4 Rd5 51. Ra2 g5 52. h4 gxh4 53. gxh4
Kd6 54. Rf2 f5 55. Kf4 Rd4+ 56. Kg5 Rxb4 57. Kxh5 Rg4 58. Rh2 e5 59. Kh6 f4 60.
h5 f3 61. Ra2 e4 0-1

[Event "TCh-ISR 2019"]
[Site "Israel ISR"]
[Date "2019.02.08"]
[Round "3.4"]
[Board "2"]
[White "Finkel, Alexander"]
[Black "Soffer, Ram"]
[Result "1/2-1/2"]
[WhiteTitle "GM"]
[BlackTitle "GM"]
[WhiteElo "2453"]
[BlackElo "2477"]
[WhiteTeam "haPoel Kfar Saba Bet"]
[BlackTeam "ASA Shlomo Har-Tsvi Tel Aviv"]
[WhiteFideId "2801957"]
[BlackFideId "2800101"]
[EventDate "2019.01.04"]

1. e4 c6 2. Nc3 d5 3. Nf3 dxe4 4. Nxe4 Nf6 5. Qe2 Nxe4 6. Qxe4 Qd5 7. Qh4 Bf5 8.
Bc4 Qd6 9. d3 e6 10. O-O Be7 11. Bg5 Bxg5 12. Qxg5 Bg6 13. Rae1 Nd7 14. Re3 Nf6
15. Rfe1 O-O-O 16. d4 Kb8 17. Qa5 Qc7 18. Qa4 Nd5 19. Ra3 b5 20. Qb3 Nb6 21. Bf1
Rd6 22. c3 Rhd8 23. Ne5 Nd7 24. c4 Rxd4 25. cxb5 Nxe5 26. bxc6+ Qb6 27. Rxe5
Qxb3 28. Rxb3+ Kc7 29. Rc3 R8d5 30. Re1 Rb4 31. b3 Rd6 32. Rec1 Rb6 33. f3 Rbxc6
34. Kf2 f6 35. Rxc6+ Rxc6 36. Rxc6+ Kxc6 37. b4 Kb6 38. Ke3 Be8 39. Bc4 e5 40.
Bd3 h6 41. f4 exf4+ 42. Kxf4 Bd7 43. g3 Kc7 44. Ke4 Kd6 45. Kd4 g5 46. Bc2 h5
47. a4 h4 48. gxh4 gxh4 49. a5 Bc6 50. Bd3 Bg2 51. Bb5 Bb7 52. Be2 Bg2 53. Ke3
Ke5 54. b5 Kd6 55. Kf4 Kc5 56. Kg4 h3 57. Kf5 Kb4 58. a6 Kc5 59. Kxf6 Kb6 60.
Kg5 Kc5 61. Kh4 Kb6 62. Kg3 Kc5 63. Bg4 Kxb5 64. Bxh3 Bd5 65. Bc8 Kc5 66. Kf4
Kd6 67. h4 Bf7 68. Kg5 Ke7 69. Bf5 Bc4 70. Bc8 Bf7 71. Kf5 Bh5 72. Kg5 1/2-1/2

[Event "TCh-ISR 2019"]
[Site "Israel ISR"]
[Date "2019.02.08"]
[Round "3.4"]
[Board "4"]
[White "Shachar, Ehud"]
[Black "Aharonovich, Itamar"]
[Result "0-1"]
[WhiteTitle "IM"]
[BlackTitle "FM"]
[WhiteElo "2391"]
[BlackElo "2299"]
[WhiteTeam "haPoel Kfar Saba Bet"]
[BlackTeam "ASA Shlomo Har-Tsvi Tel Aviv"]
[WhiteFideId "2802198"]
[BlackFideId "2814501"]
[EventDate "2019.01.04"]

1. e4 c5 2. Nf3 e6 3. d3 Nc6 4. g3 Nf6 5. Bg2 d5 6. Qe2 Be7 7. O-O O-O 8. e5 Nd7
9. c4 b5 10. cxd5 exd5 11. Nc3 Nb6 12. Nxb5 Ba6 13. Na3 c4 14. d4 Nb4 15. Rd1
Na4 16. Qe3 Nd3 17. Qd2 Rb8 18. b3 c3 19. Qe3 Nab2 20. Rxd3 Nxd3 21. Nc2 Qa5 22.
Nfe1 Nxe1 23. Qxe1 Bd3 24. Ne3 Rfd8 25. h4 Bg6 26. f4 Bd3 27. Qd1 Be4 28. Nc2
Qa6 29. Be3 f6 30. exf6 Bxf6 31. Bf1 Qe6 32. Bf2 Bxh4 33. gxh4 Qg6+ 34. Kh2 Bxc2
35. Qf3 Rbc8 36. h5 Qe4 37. Qg3 Rf8 38. Rc1 Rf5 39. Bh3 Rxh5 40. Kg1 Rc6 41. Bg2
Qf5 42. Qe3 Be4 43. Rxc3 Qg4 44. Bg3 Rhh6 45. Bxe4 dxe4 46. Rc5 Rcg6 47. Kg2 Rh3
48. Rg5 Rxg5 49. fxg5 h5 50. gxh6 Rxh6 51. b4 Qh3+ 52. Kf2 Rf6+ 53. Ke1 Rf3 0-1

[Event "TCh-ISR 2019"]
[Site "Israel ISR"]
[Date "2019.02.08"]
[Round "3.4"]
[Board "5"]
[White "Kreizberg, Michael"]
[Black "Aharon, Ofir"]
[Result "0-1"]
[WhiteTitle "FM"]
[BlackTitle "FM"]
[WhiteElo "2297"]
[BlackElo "2310"]
[WhiteTeam "ASA Shlomo Har-Tsvi Tel Aviv"]
[BlackTeam "haPoel Kfar Saba Bet"]
[WhiteFideId "2803372"]
[BlackFideId "2800683"]
[EventDate "2019.01.04"]

1. d4 Nf6 2. c4 g6 3. Nc3 d5 4. Nf3 Bg7 5. Qa4+ Bd7 6. Qb3 dxc4 7. Qxc4 O-O 8.
Bg5 Na6 9. e3 c5 10. dxc5 Rc8 11. Be2 Nxc5 12. Qb4 a5 13. Qa3 b5 14. Nxb5 Bxb5
15. Bxb5 Qb6 16. Be2 Nd5 17. Nd4 e5 18. Nb3 Ne6 19. Bh4 Nb4 20. O-O Nc2 21. Qxa5
Qxa5 22. Nxa5 Nxa1 23. Rxa1 Rc2 24. Bf1 Rxb2 25. Nc4 Rc2 26. e4 Rc8 27. Ne3 Rc1
28. Rxc1 Rxc1 29. Be7 Ra1 30. a3 Nd4 31. g3 Nc6 32. Bd6 Bf8 33. Bxf8 Kxf8 34.
Nc2 Ra2 35. Bd3 Nd4 36. Ne3 Rxa3 37. Bc4 Ra4 38. Bd5 Ne2+ 39. Kg2 Nc3 40. Bc6
Ra6 41. Bb7 Rb6 42. Ba8 Rb4 43. Kf3 Rb8 44. Bc6 Ke7 45. Nd5+ Nxd5 46. Bxd5 Rb2
47. h4 Rd2 48. Ke3 Rc2 49. Ba8 Kd6 50. Bd5 Rc3+ 51. Kd2 Rc7 52. Kd3 Ra7 53. Ke3
Kc5 54. Kd3 f5 55. Bg8 f4 56. gxf4 exf4 57. e5 Rg7 58. Ba2 Rd7+ 59. Ke4 Rd4+ 60.
Kf3 Kc6 61. Bg8 h6 62. Bf7 Kd7 63. Kg4 Ke7 64. Bxg6 Ke6 65. Kh5 f3 66. Kxh6 Rd2
67. Kg5 Kxe5 68. Kg4 Rxf2 69. h5 Kd4 70. Kf4 Rf1 71. h6 f2 72. h7 Rh1 0-1

[Event "TCh-ISR 2019"]
[Site "Israel ISR"]
[Date "2019.02.08"]
[Round "3.4"]
[Board "6"]
[White "Judkovsky, Yair"]
[Black "Gershkowich, David"]
[Result "1/2-1/2"]
[BlackTitle "FM"]
[WhiteElo "2298"]
[BlackElo "2200"]
[WhiteTeam "haPoel Kfar Saba Bet"]
[BlackTeam "ASA Shlomo Har-Tsvi Tel Aviv"]
[WhiteFideId "2804930"]
[BlackFideId "2803356"]
[EventDate "2019.01.04"]

1. e4 c5 2. Nf3 d6 3. d4 cxd4 4. Nxd4 Nf6 5. Nc3 g6 6. Be2 Bg7 7. O-O O-O 8. Re1
a6 9. a4 Nc6 10. Nb3 Rb8 11. Bf1 b6 12. Nd5 e6 13. Nxf6+ Bxf6 14. c3 e5 15. Nd2
b5 16. axb5 axb5 17. b4 Be6 18. Nb3 Qc7 19. Be3 Bg7 20. Ra3 Rfd8 1/2-1/2

[Event "TCh-ISR 2019"]
[Site "Israel ISR"]
[Date "2019.02.08"]
[Round "3.5"]
[Board "1"]
[White "Rodshtein, Maxim"]
[Black "Eljanov, Pavel"]
[Result "1/2-1/2"]
[WhiteTitle "GM"]
[BlackTitle "GM"]
[WhiteElo "2668"]
[BlackElo "2680"]
[WhiteTeam "Beer Sheva Alef in name of Eliyahu Levant"]
[BlackTeam "Ashdod Elit"]
[WhiteFideId "2806851"]
[BlackFideId "14102951"]
[EventDate "2019.01.04"]

1. Nf3 Nf6 2. g3 d5 3. Bg2 c6 4. c4 Bg4 5. O-O e6 6. d4 Nbd7 7. h3 Bf5 8. Nc3 h6
9. Nd2 Be7 10. e4 dxe4 11. Ndxe4 Nxe4 12. Nxe4 O-O 13. Be3 Qa5 14. a3 Qa6 15.
Qb3 Nf6 16. Nc5 Qb6 17. Qc3 Rad8 18. b4 Qc7 19. Rfd1 b6 20. Nd3 Be4 21. Ne5 Bxg2
22. Kxg2 Qb7 23. Bf4 g5 24. Be3 c5+ 25. f3 Nd7 26. Nxd7 cxb4 27. axb4 Rxd7 28.
b5 Rc8 29. Qb3 Bf6 30. Rd2 h5 31. Rad1 g4 32. d5 gxf3+ 33. Kxf3 Rdc7 34. c5 bxc5
35. Qc4 Bd4 36. Bxd4 exd5 37. Qd3 cxd4 38. Qf5 Rc3+ 39. Kf2 Qb6 40. Qxh5 Qf6+
41. Kg2 Qg7 42. g4 Re8 43. Rf2 Ree3 44. Qxd5 Rxh3 45. Qa8+ Qf8 1/2-1/2

[Event "TCh-ISR 2019"]
[Site "Israel ISR"]
[Date "2019.02.08"]
[Round "3.5"]
[Board "2"]
[White "Smirin, Ilia"]
[Black "Malakhov, Vladimir"]
[Result "1/2-1/2"]
[WhiteTitle "GM"]
[BlackTitle "GM"]
[WhiteElo "2610"]
[BlackElo "2661"]
[WhiteTeam "Ashdod Elit"]
[BlackTeam "Beer Sheva Alef in name of Eliyahu Levant"]
[WhiteFideId "2801990"]
[BlackFideId "4120787"]
[EventDate "2019.01.04"]

1. e4 e5 2. Nf3 Nc6 3. Bc4 Bc5 4. c3 Nf6 5. d3 h6 6. b4 Bb6 7. b5 Na5 8. Nxe5
O-O 9. Bxf7+ Rxf7 10. Nxf7 Kxf7 11. O-O d6 12. Be3 Bxe3 13. fxe3 Kg8 14. c4 a6
15. Nc3 axb5 16. Nxb5 Nc6 17. h3 1/2-1/2

[Event "TCh-ISR 2019"]
[Site "Israel ISR"]
[Date "2019.02.08"]
[Round "3.5"]
[Board "3"]
[White "Postny, Evgeny"]
[Black "Sutovsky, Emil"]
[Result "0-1"]
[WhiteTitle "GM"]
[BlackTitle "GM"]
[WhiteElo "2623"]
[BlackElo "2628"]
[WhiteTeam "Beer Sheva Alef in name of Eliyahu Levant"]
[BlackTeam "Ashdod Elit"]
[WhiteFideId "2804344"]
[BlackFideId "2802007"]
[EventDate "2019.01.04"]

1. d4 Nf6 2. c4 g6 3. Nf3 Bg7 4. e3 O-O 5. Be2 d6 6. Nc3 Nc6 7. d5 Nb4 8. a3 Na6
9. Nd4 e5 10. dxe6 fxe6 11. O-O c6 12. b4 Nc7 13. Bb2 a5 14. Nb3 axb4 15. axb4
Rxa1 16. Qxa1 e5 17. b5 Ng4 18. Qd1 Qh4 19. Bxg4 Bxg4 20. Qxd6 Ne8 21. Qc5 Rf5
22. bxc6 Bf3 23. Nd2 e4 24. Nd5 Qg4 25. g3 Qh3 26. Nxf3 exf3 27. Nf4 Rxf4 28.
Qd5+ Rf7 29. Qxf3 b5 30. Qe2 Bxb2 31. Qxb2 bxc4 32. Rc1 Qe6 33. Qd4 Nd6 34. Ra1
Rc7 35. Ra8+ Ne8 36. Qd8 Kf7 37. Qh4 Nf6 38. Ra6 Qg4 39. Qh6 c3 40. Ra8 c2 41.
Rf8+ Ke6 42. Rxf6+ Kxf6 43. Qf8+ Ke6 44. Qe8+ Kd5 0-1

[Event "TCh-ISR 2019"]
[Site "Israel ISR"]
[Date "2019.02.08"]
[Round "3.5"]
[Board "4"]
[White "Kogan, Arthur"]
[Black "Roiz, Michael"]
[Result "0-1"]
[WhiteTitle "GM"]
[BlackTitle "GM"]
[WhiteElo "2547"]
[BlackElo "2605"]
[WhiteTeam "Ashdod Elit"]
[BlackTeam "Beer Sheva Alef in name of Eliyahu Levant"]
[WhiteFideId "2800802"]
[BlackFideId "2804158"]
[EventDate "2019.01.04"]

1. d4 Nf6 2. c4 e6 3. Nf3 d5 4. Nc3 Bb4 5. Qa4+ Nc6 6. Bg5 dxc4 7. e4 Bd7 8. Qd1
h6 9. Bxf6 Qxf6 10. Bxc4 Na5 11. Bd3 c5 12. a3 Bxc3+ 13. bxc3 O-O 14. O-O Rfd8
15. Rb1 Rac8 16. Re1 b6 17. Re3 cxd4 18. cxd4 Nc4 19. Bxc4 Rxc4 20. h3 Ba4 21.
Qe1 Rdc8 22. d5 exd5 23. exd5 Qd6 24. Re7 Bc2 25. Rb4 Rxb4 26. axb4 Qxd5 27.
Rxa7 Be4 28. Ra3 Rc4 29. Re3 f5 30. Rc3 Bxf3 31. Rxf3 Kh7 32. Qb1 Qe4 33. Qxe4
fxe4 34. Rb3 b5 35. Kf1 Kg6 36. Ke2 Kf5 37. Ke3 g5 38. Rb2 Ke5 39. Rb3 h5 40.
Rb2 Rc3+ 41. Kd2 Kd4 42. Ra2 Rb3 43. Kc2 Kc4 44. Kd2 Rd3+ 45. Ke2 Kxb4 46. f3
Ra3 47. Rd2 exf3+ 48. gxf3 Rc3 49. Rd8 h4 50. Rg8 Rc5 51. f4 gxf4 52. Rg4 Rc4
53. Kf2 Kc3 54. Kf3 b4 0-1

[Event "TCh-ISR 2019"]
[Site "Israel ISR"]
[Date "2019.02.08"]
[Round "3.5"]
[Board "5"]
[White "Greenfeld, Alon"]
[Black "Bar, Roman"]
[Result "0-1"]
[WhiteTitle "GM"]
[BlackTitle "IM"]
[WhiteElo "2525"]
[BlackElo "2484"]
[WhiteTeam "Beer Sheva Alef in name of Eliyahu Levant"]
[BlackTeam "Ashdod Elit"]
[WhiteFideId "2800039"]
[BlackFideId "2803879"]
[EventDate "2019.01.04"]

1. Nf3 Nf6 2. c4 e6 3. Nc3 c5 4. g3 b6 5. Bg2 Bb7 6. O-O Be7 7. d4 cxd4 8. Qxd4
d6 9. Bg5 a6 10. Bxf6 Bxf6 11. Qd3 Ra7 12. Rad1 Be7 13. Nd4 Bxg2 14. Kxg2 Qc8
15. f4 Nd7 16. f5 Ne5 17. Qe4 O-O 18. b3 Re8 19. Qf4 b5 20. Ne4 bxc4 21. bxc4
Qxc4 22. fxe6 fxe6 23. Rc1 Qd5 24. Nc6 Bg5 0-1

[Event "TCh-ISR 2019"]
[Site "Israel ISR"]
[Date "2019.02.08"]
[Round "3.5"]
[Board "6"]
[White "Golod, Vitali"]
[Black "Huzman, Alexander"]
[Result "1/2-1/2"]
[WhiteTitle "GM"]
[BlackTitle "GM"]
[WhiteElo "2532"]
[BlackElo "2580"]
[WhiteTeam "Ashdod Elit"]
[BlackTeam "Beer Sheva Alef in name of Eliyahu Levant"]
[WhiteFideId "2804140"]
[BlackFideId "2803828"]
[EventDate "2019.01.04"]

1. d4 d5 2. c4 c6 3. Nf3 Nf6 4. e3 Bf5 5. Nc3 e6 6. Bd3 Bg6 7. O-O Nbd7 8. Bxg6
hxg6 9. Qd3 Be7 10. e4 dxe4 11. Nxe4 Qa5 12. Re1 Qf5 13. Nxf6+ gxf6 1/2-1/2

[Event "TCh-ISR 2019"]
[Site "Israel ISR"]
[Date "2019.02.08"]
[Round "3.6"]
[Board "1"]
[White "Gorodetzky, David"]
[Black "Khmelniker, Ilya"]
[Result "0-1"]
[WhiteTitle "IM"]
[BlackTitle "GM"]
[WhiteElo "2447"]
[BlackElo "2483"]
[WhiteTeam "Tsafrir Rehovot Alef"]
[BlackTeam "Beer Sheva Yud-Alef"]
[WhiteFideId "2813416"]
[BlackFideId "2805340"]
[EventDate "2019.01.04"]

1. d4 Nf6 2. c4 g6 3. Nc3 d5 4. cxd5 Nxd5 5. e4 Nxc3 6. bxc3 Bg7 7. Nf3 c5 8.
Rb1 O-O 9. Be2 Nc6 10. d5 Bxc3+ 11. Bd2 Bxd2+ 12. Qxd2 Na5 13. h4 Bg4 14. h5
Bxf3 15. gxf3 e5 16. Qc3 Re8 17. Rd1 g5 18. Bb5 Re7 19. h6 b6 20. Qd2 f6 21. d6
Rf7 22. Qd5 Rc8 23. Ba6 Rb8 24. Bf1 Qd7 25. Bh3 Qc6 26. Be6 Qxd5 27. Bxd5 Kf8
28. f4 exf4 29. Rg1 Rd7 30. Be6 Rdd8 31. Bf5 Nc6 32. Rd5 Nd4 33. Bg4 Re8 34. f3
Rbd8 35. Kf2 Re5 36. Rxe5 fxe5 37. Bh5 Rxd6 38. Rxg5 Rxh6 39. Rxe5 c4 40. Rd5 c3
41. Rxd4 c2 0-1

[Event "TCh-ISR 2019"]
[Site "Israel ISR"]
[Date "2019.02.08"]
[Round "3.6"]
[Board "2"]
[White "Dvoirys, Semen I."]
[Black "Veinberg, Nimrod"]
[Result "1/2-1/2"]
[WhiteTitle "GM"]
[BlackTitle "IM"]
[WhiteElo "2523"]
[BlackElo "2399"]
[WhiteTeam "Beer Sheva Yud-Alef"]
[BlackTeam "Tsafrir Rehovot Alef"]
[WhiteFideId "4100379"]
[BlackFideId "2810280"]
[EventDate "2019.01.04"]

1. e4 e5 2. Nf3 Nc6 3. Bb5 a6 4. Ba4 Nf6 5. O-O Nxe4 6. d4 b5 7. Bb3 d5 8. dxe5
Be6 9. c3 Be7 10. Nbd2 Nc5 11. Bc2 d4 12. Ne4 d3 13. Nxc5 dxc2 14. Qxd8+ Rxd8
15. Nxe6 fxe6 16. Be3 Rd5 17. Rfc1 Nxe5 18. Nxe5 Rxe5 19. Rxc2 Kf7 20. c4 b4 21.
Rd1 Rd8 22. Rxd8 Bxd8 23. Kf1 Bg5 24. Ba7 h5 25. b3 Rf5 26. Ke2 c5 27. h3 Bf4
28. Bb6 Ke7 29. g4 hxg4 30. hxg4 Rg5 31. Kf3 Bd6 32. a3 bxa3 33. Ra2 Rg6 34.
Rxa3 Rh6 35. Ke3 Rh3+ 36. f3 Rh2 37. Rxa6 Rb2 38. Bd8+ Kd7 39. Rb6 Be5 40. Bh4
Rh2 41. Be1 Bd4+ 42. Kd3 Rh3 43. Rb7+ Ke8 44. Ke4 Rh2 45. Ba5 Re2+ 46. Kf4 Be3+
47. Ke4 Bd4+ 48. Kf4 Be3+ 49. Ke4 Bd4+ 50. Kf4 Be3+ 51. Ke4 Bd4+ 52. Kf4 1/2-1/2

[Event "TCh-ISR 2019"]
[Site "Israel ISR"]
[Date "2019.02.08"]
[Round "3.6"]
[Board "4"]
[White "Klenburg, Michael"]
[Black "Parkhov, Yair"]
[Result "1/2-1/2"]
[WhiteTitle "IM"]
[BlackTitle "FM"]
[WhiteElo "2361"]
[BlackElo "2336"]
[WhiteTeam "Beer Sheva Yud-Alef"]
[BlackTeam "Tsafrir Rehovot Alef"]
[WhiteFideId "14102072"]
[BlackFideId "2813408"]
[EventDate "2019.01.04"]

1. e4 c5 2. d3 Nc6 3. g3 g6 4. Bg2 Bg7 5. f4 d6 6. Nf3 Nf6 7. O-O O-O 8. h3 Rb8
9. g4 b5 10. Nc3 b4 11. Ne2 Ne8 12. f5 Nc7 13. Qe1 Nb5 14. Qh4 Nbd4 15. Nexd4
Nxd4 16. Nxd4 cxd4 17. Bg5 Rb7 18. Rf2 Rc7 19. a3 a5 20. axb4 axb4 21. Ra8 f6
22. Bd2 Rxc2 23. Bxb4 Rc1+ 24. Rf1 Qc7 25. Ba3 Qc2 26. Qf2 Rxf1+ 27. Bxf1 Qc6
28. Rb8 Bh6 29. Qxd4 Qc1 30. Qc4+ Qxc4 31. dxc4 gxf5 32. gxf5 Bf4 33. Ra8 Bb7
34. Rxf8+ Kxf8 35. Bd3 Bc1 36. Kf2 Kg7 37. Kf3 Kh6 38. Kg4 Bc6 39. Bc2 Be8 1/2-1/2

[Event "TCh-ISR 2019"]
[Site "Israel ISR"]
[Date "2019.02.08"]
[Round "3.6"]
[Board "6"]
[White "Iliaguev, Nisim"]
[Black "Mikhalevski, Alexander"]
[Result "1-0"]
[WhiteTitle "FM"]
[BlackTitle "IM"]
[WhiteElo "2360"]
[BlackElo "2430"]
[WhiteTeam "Beer Sheva Yud-Alef"]
[BlackTeam "Tsafrir Rehovot Alef"]
[WhiteFideId "2817276"]
[BlackFideId "2801728"]
[EventDate "2019.01.04"]

1. d4 d5 2. c4 e6 3. Nf3 Nf6 4. g3 dxc4 5. Bg2 a6 6. O-O Nc6 7. a4 Rb8 8. a5 Bb4
9. Bd2 Bxd2 10. Qxd2 b5 11. axb6 cxb6 12. Ne5 Nxe5 13. dxe5 Nd5 14. Rd1 Qc7 15.
Nc3 O-O 16. Nxd5 exd5 17. Qxd5 b5 18. Qd6 Qa7 19. h4 Rb6 20. Qc5 Rb7 21. Qxa7
Rxa7 22. Rd6 g6 23. f4 Kg7 24. Bd5 Re8 25. Kf2 Rc7 26. e4 Ree7 27. Rc1 Ra7 28.
Ke3 Rec7 29. Kd4 Bd7 30. Rf1 b4 31. Rc1 c3 32. bxc3 a5 33. c4 a4 34. Rb6 b3 35.
c5 Be6 36. c6 a3 37. Rxb3 a2 38. Ra1 Rxc6 39. Bxc6 Bxb3 40. Kc3 Be6 41. Kb2 Ra5
42. Rd1 Bg4 43. Rc1 Be6 44. Ka1 Kh6 45. Bd5 Ra3 46. Bxe6 fxe6 47. Rc6 Rxg3 48.
Rxe6 Re3 49. f5 Rxe4 50. f6 Rxh4 51. Re8 Rf4 52. Rg8 Rf2 53. e6 Rxf6 54. e7 Re6
55. e8=Q Rxe8 56. Rxe8 Kg5 57. Kxa2 Kf4 58. Kb2 h5 59. Kc2 h4 60. Kd2 Kf3 61.
Ke1 Kg2 62. Re2+ Kg1 63. Re5 h3 64. Rg5+ Kh1 65. Kf2 1-0

[Event "TCh-ISR 2019"]
[Site "Israel ISR"]
[Date "2019.02.09"]
[Round "4.1"]
[Board "1"]
[White "Baron, Tal"]
[Black "Zubov, Alexander"]
[Result "0-1"]
[WhiteTitle "GM"]
[BlackTitle "GM"]
[WhiteElo "2519"]
[BlackElo "2598"]
[WhiteTeam "Feldklain Rishon leTsion"]
[BlackTeam "Elitsur Dov Petah Tiqwa"]
[WhiteFideId "2809958"]
[BlackFideId "14109409"]
[EventDate "2019.01.04"]

1. e4 c5 2. Nf3 d6 3. d4 cxd4 4. Nxd4 Nf6 5. Nc3 a6 6. Be3 e5 7. Nb3 Be6 8. h3
Nbd7 9. g4 Rc8 10. Qd2 b5 11. O-O-O Be7 12. f4 O-O 13. Qg2 Rxc3 14. bxc3 Qc7 15.
g5 Nh5 16. f5 Bxb3 17. axb3 Qxc3 18. Rd3 Qa1+ 19. Kd2 Nf4 20. Bxf4 exf4 21. Be2
Qa5+ 22. Kc1 Qa2 23. Kd2 d5 24. Rc1 Ba3 25. Rxd5 Nc5 26. Qf3 Qb2 0-1

[Event "TCh-ISR 2019"]
[Site "Israel ISR"]
[Date "2019.02.09"]
[Round "4.1"]
[Board "2"]
[White "Flom, Gabriel"]
[Black "Alterman, Boris"]
[Result "1/2-1/2"]
[WhiteTitle "IM"]
[BlackTitle "GM"]
[WhiteElo "2467"]
[BlackElo "2605"]
[WhiteTeam "Elitsur Dov Petah Tiqwa"]
[BlackTeam "Feldklain Rishon leTsion"]
[WhiteFideId "621650"]
[BlackFideId "2801906"]
[EventDate "2019.01.04"]

1. d4 Nf6 2. c4 e6 3. Nc3 Bb4 4. e3 c5 5. Ne2 cxd4 6. exd4 O-O 7. a3 Be7 8. d5
exd5 9. cxd5 Bc5 10. b4 Bd6 11. g3 Be5 12. Bg2 a5 13. b5 d6 14. Be3 Nbd7 15. O-O
Nc5 16. f4 Bxc3 17. Nxc3 Bf5 18. Bxc5 dxc5 19. Re1 Qb6 20. h3 c4+ 21. Kh2 Bd3
22. Re5 Nd7 23. Re7 Rad8 24. Qe1 h6 25. Qe3 Qxe3 26. Rxe3 Rfe8 27. Rae1 Kf8 28.
d6 Rxe3 29. Rxe3 b6 30. Re7 Nf6 31. Rb7 Rxd6 32. Bc6 Bf5 33. Rxb6 Rd3 34. g4
Rxc3 35. gxf5 Rb3 36. Bg2 c3 37. a4 c2 38. Rc6 Rb2 39. Kg3 Ke7 40. Bf3 Kd7 41.
Rc5 Kd8 42. Rc6 Ra2 43. Rd6+ Nd7 44. Rc6 Rxa4 45. Rxc2 Ra3 46. Kg2 Rb3 47. Rd2
Ke7 48. Re2+ Kf6 49. Rd2 Nc5 50. Rd6+ Kxf5 51. b6 Kxf4 52. Rd4+ Ke3 53. Rc4 Nd3
54. b7 f5 55. Bd5 Rb2+ 56. Kg1 Rb1+ 57. Kh2 Rb2+ 58. Kg1 1/2-1/2

[Event "TCh-ISR 2019"]
[Site "Israel ISR"]
[Date "2019.02.09"]
[Round "4.1"]
[Board "3"]
[White "Kobo, Ori"]
[Black "Oratovsky, Michael"]
[Result "1/2-1/2"]
[WhiteTitle "GM"]
[BlackTitle "GM"]
[WhiteElo "2485"]
[BlackElo "2462"]
[WhiteTeam "Feldklain Rishon leTsion"]
[BlackTeam "Elitsur Dov Petah Tiqwa"]
[WhiteFideId "2812320"]
[BlackFideId "2802090"]
[EventDate "2019.01.04"]

1. e4 d6 2. d4 Nf6 3. Nc3 e5 4. Nf3 Nbd7 5. Bc4 Be7 6. a4 O-O 7. O-O c6 8. h3 a5
9. Re1 Nb6 10. Bf1 exd4 11. Nxd4 d5 12. e5 Ne8 13. Nce2 g6 14. Nf3 Ng7 15. Ned4
Re8 16. c3 Nd7 17. Nh2 Nc5 18. Be3 Bf8 19. Nhf3 Nge6 20. Nxe6 Bxe6 21. Nd4 Bd7
22. f4 f6 23. Nf3 Be6 24. Nh2 fxe5 25. fxe5 Qc7 26. Rc1 Rad8 27. Bg5 1/2-1/2

[Event "TCh-ISR 2019"]
[Site "Israel ISR"]
[Date "2019.02.09"]
[Round "4.1"]
[Board "4"]
[White "Kantarji, Pinchas"]
[Black "Zanan, Evgeny"]
[Result "1/2-1/2"]
[WhiteTitle "IM"]
[BlackTitle "IM"]
[WhiteElo "2445"]
[BlackElo "2528"]
[WhiteTeam "Elitsur Dov Petah Tiqwa"]
[BlackTeam "Feldklain Rishon leTsion"]
[WhiteFideId "2803712"]
[BlackFideId "24101940"]
[EventDate "2019.01.04"]

1. d4 Nf6 2. Nf3 g6 3. g3 Bg7 4. Bg2 O-O 5. O-O d6 6. Nc3 Nbd7 7. e4 e5 8. Re1
c6 9. h3 Re8 10. a4 exd4 11. Nxd4 a5 12. Nb3 Qc7 13. Rb1 Ne5 14. Be3 Nc4 15. Bd4
Bd7 16. f4 Rad8 17. Qf3 b5 18. axb5 cxb5 19. Qf2 Bc6 20. Bxf6 Bxf6 21. Nd4 Bxd4
22. Qxd4 Rc8 23. Nd1 Bb7 24. Nf2 Qc5 25. Qxc5 dxc5 26. e5 Bxg2 27. Kxg2 Red8 28.
Re2 b4 29. Ne4 Rd4 30. Ra1 Rcd8 31. c3 Rd3 32. Nxc5 Rd2 33. Rxd2 Rxd2+ 34. Kf3
Rxb2 35. cxb4 Rxb4 36. Nd3 Rb3 37. Ke4 Na3 38. g4 a4 39. Nc5 Rxh3 40. Nxa4 Nc4
41. Nc5 1/2-1/2

[Event "TCh-ISR 2019"]
[Site "Israel ISR"]
[Date "2019.02.09"]
[Round "4.1"]
[Board "5"]
[White "Bronstein, Or"]
[Black "Mesropov, Konstantin"]
[Result "1/2-1/2"]
[WhiteTitle "FM"]
[BlackTitle "IM"]
[WhiteElo "2370"]
[BlackElo "2431"]
[WhiteTeam "Feldklain Rishon leTsion"]
[BlackTeam "Elitsur Dov Petah Tiqwa"]
[WhiteFideId "2815770"]
[BlackFideId "4116887"]
[EventDate "2019.01.04"]

1. Nf3 Nf6 2. c4 e6 3. g3 b6 4. Bg2 Bb7 5. O-O Be7 6. Nc3 O-O 7. d4 Ne4 8. Qc2
Nxc3 9. Qxc3 Be4 10. Bf4 Bf6 11. Rfd1 Re8 12. Rac1 d6 13. Qe3 Bb7 14. Qd3 Nc6
15. d5 exd5 16. cxd5 Ne7 17. Qb3 a5 18. a4 Ng6 19. Be3 Ba6 20. Rd2 Nf8 21. Qc2
Nd7 22. Nd4 Nc5 23. Nc6 1/2-1/2